| 000 | 00505nam a22001937a 4500 | ||
|---|---|---|---|
| 003 | OSt | ||
| 005 | 20140310183104.0 | ||
| 008 | 130304t xxu||||| |||| 00| 0 eng d | ||
| 020 | _a9711106779 | ||
| 050 |
_aHD 69 _b.M516 2000 |
||
| 100 | _aMejorada, Nenita D. | ||
| 245 |
_aManagement Advisory Services Part II / _cMejorada, Nenita D. |
||
| 260 |
_aMakati City : _bGoodwill Trading, _c2000. |
||
| 300 |
_a354 p. : _c25 cm. |
||
| 521 | _aBSBA | ||
| 562 | _e1 | ||
| 942 |
_2lcc _cBK _kLOC |
||
| 999 |
_c18771 _d18771 |
||